Современная химия: пер. с рус.

Détails bibliographiques
Auteur principal: Николаев Л. А.
Résumé:На французском языке
Langue:français
Publié: Москва, Мир, 1974
Sujets:
Format: MixedMaterials Livre
KOHA link:https://koha.lib.tpu.ru/cgi-bin/koha/opac-detail.pl?biblionumber=247105

MARC

LEADER 00000nam0a2200000 4500
001 247105
005 20231101232254.0
035 |a (RuTPU)RU\TPU\book\268578 
090 |a 247105 
100 |a 20131216d1974 k y0frey50 ba 
101 1 |a fre  |c rus 
102 |a RU 
105 |a a z 001zy 
200 1 |a Современная химия  |d Chimie Moderne  |e пер. с рус.  |f Л. А. Николаев 
210 |a Москва  |c Мир  |d 1974 
215 |a 552 с.  |c ил. 
300 |a На французском языке 
320 |a Index: p. 541-547. 
454 1 |0 (RuTPU)RU\TPU\book\272663  |t Современная химия  |o пособие для учителей  |f Л. А. Николаев  |c Москва  |n Просвещение  |d 1970  |p 543 с.  |a Николаев, Лев Александрович 
510 1 |a Chimie Moderne  |z fre 
606 1 |a Химия  |2 stltpush  |3 (RuTPU)RU\TPU\subj\17362  |9 43035 
610 1 |a атомы 
610 1 |a молекулы 
610 1 |a частицы 
610 1 |a термодинамика 
610 1 |a химические явления 
610 1 |a катализ 
610 1 |a минералы 
610 1 |a оксигенаты 
610 1 |a соединения 
675 |a 54  |v 3 
700 1 |a Николаев  |b Л. А. 
801 1 |a RU  |b 63413507  |c 20131216 
801 2 |a RU  |b 63413507  |c 20200925  |g RCR 
942 |c BK